<?xml version="1.0" encoding="UTF-8"?>
<record
    xmlns:xsi="http://www.w3.org/2001/XMLSchema-instance"
    xsi:schemaLocation="http://www.loc.gov/MARC21/slim http://www.loc.gov/standards/marcxml/schema/MARC21slim.xsd"
    xmlns="http://www.loc.gov/MARC21/slim">

  <leader>00423nam a2200145Ia 4500</leader>
  <controlfield tag="003">SEM</controlfield>
  <controlfield tag="008">141116s9999    xx            000 0 und d</controlfield>
  <datafield tag="080" ind1=" " ind2=" ">
    <subfield code="a">226/227 &#x553;-13</subfield>
  </datafield>
  <datafield tag="100" ind1=" " ind2=" ">
    <subfield code="a">&#x553;&#x561;&#x56C;&#x561;&#x576;&#x57B;&#x575;&#x561;&#x576; &#x540;&#x561;&#x580;&#x578;&#x582;&#x569;&#x575;&#x578;&#x582;&#x576;</subfield>
  </datafield>
  <datafield tag="245" ind1=" " ind2=" ">
    <subfield code="a">&#x546;&#x578;&#x580; &#x56F;&#x57F;&#x561;&#x56F;&#x561;&#x580;&#x561;&#x576;&#x56B; &#x563;&#x578;&#x580;&#x56E;&#x584; &#x587; &#x569;&#x572;&#x569;&#x578;&#x581; &#x562;&#x576;&#x561;&#x563;&#x580;&#x56B; &#x562;&#x561;&#x57C;&#x561;&#x581;&#x561;&#x576;&#x56F; /&#x536;&#x578;&#x570;&#x580;&#x561;&#x562;&#x575;&#x561;&#x576;/</subfield>
  </datafield>
  <datafield tag="260" ind1=" " ind2=" ">
    <subfield code="a">&#x53F;&#x561;&#x576;&#x561;&#x564;&#x561; </subfield>
  </datafield>
  <datafield tag="260" ind1=" " ind2=" ">
    <subfield code="c">1997</subfield>
  </datafield>
  <datafield tag="300" ind1=" " ind2=" ">
    <subfield code="a">293</subfield>
  </datafield>
  <datafield tag="942" ind1=" " ind2=" ">
    <subfield code="2">udc</subfield>
    <subfield code="c">BK</subfield>
  </datafield>
  <datafield tag="999" ind1=" " ind2=" ">
    <subfield code="c">51877</subfield>
    <subfield code="d">51877</subfield>
  </datafield>
  <datafield tag="952" ind1=" " ind2=" ">
    <subfield code="0">0</subfield>
    <subfield code="1">0</subfield>
    <subfield code="2">udc</subfield>
    <subfield code="4">0</subfield>
    <subfield code="7">0</subfield>
    <subfield code="d">2014-11-16</subfield>
    <subfield code="l">0</subfield>
    <subfield code="p">22422</subfield>
    <subfield code="r">2014-11-16</subfield>
    <subfield code="w">2014-11-16</subfield>
    <subfield code="y">BK</subfield>
  </datafield>
</record>
